Équipes ayant atteints les 16ème de finale de la Coupe de France - Statistiques

Statistiques générales
  • Ce quiz a été pris 85 fois
  • Le résultat moyen est 16 sur 32
Statistiques - réponses
Division Réponse % Correct
Ligue 1 Olympique de Marseille
100%
Ligue 1 Paris Saint Germain
94%
Ligue 1 Olympique Lyonnais
93%
Ligue 1 FC Nantes
91%
Ligue 1 Lille LOSC
84%
Ligue 1 Toulouse FC
84%
Ligue 1 Rennes FC
81%
Ligue 1 RC Lens
80%
Régional 1 FC Olympique Strasbourg
71%
Ligue 1 AJ Auxerre
70%
Ligue 1 Stade Brestois
69%
Ligue 2 Annecy FC
66%
Ligue 1 Stade Lorient
64%
Ligue 2 Paris FC
61%
Ligue 1 Stade de Reims
61%
Ligue 1 SCO Angers
59%
Ligue 2 Rodez AF
55%
Ligue 1 AC Ajaccio
53%
Ligue 2 Grenoble FC
50%
Ligue 2 SC Bastia
44%
Ligue 2 Pau FC
39%
Régional 1 Pays de Cassel US
21%
Ligue 2 Niort
20%
National 2 Les Herbiers Football
16%
National Le Puy Foot 43
15%
National 2 Vierzon Foot
13%
National 3 Chambéry SF
10%
National 2 ASM Belfort
9%
National 3 ES Thaon
9%
National 3 Plabennec
8%
National 2 RC Pays de Grasse
5%
National 2 Chamalières Foot
1%
Aucun quiz correspondant
Distribution des résultats
% des personnes avec chaque résultat
Percentile par nombre de réponses
Votre historique - résultats
Vous n’avez pas pris ce quiz